Quiz o Korei Południowej - Statystyki

Ogólne statystyki
  • Ten quiz został rozwiązany 3 772 razy
  • Średni wynik to 9 z 20
Statystyki odpowiedzi
Wskazówka Odpowiedź % Poprawnych
Stolica Seul
98%
Najpopularniejsze nazwiska Kim
70%
Utwór autorstwa Psy o bogatej dzielnicy stolicy {Gangnam} Style
68%
Pas terytorialny między Koreą Południową a Koreą Północną {Strefa} zdemilitaryzowana
65%
Największa korporacja Samsung
63%
Koreańska sfermentowana kapusta Kimchi
54%
Najwięksi producenci samochodów Hyundai
52%
Morze graniczące z Koreą Południową na wschodzie Morze Japońskie
51%
Najwięksi producenci samochodów Kia
50%
Morze graniczące z Koreą Południową na zachodzie Morze Żółte
50%
Koreańska sztuka walki i sport olimpijski Taekwondo
45%
Waluta Korei Południowej Won
45%
Od 2023 roku Korea Południowa zajmuje drugie miejsce na świecie pod względem prędkości ... Internetu
38%
Drugi najbardziej zaludniony obszar zurbanizowany Busan
35%
Najpopularniejsze nazwiska Park
33%
Najpopularniejsze nazwiska Lee
29%
Najpopularniejszy sport widowiskowy Baseball
26%
Największa wyspa Czedżu
17%
Koreańskie danie, którego nazwa oznacza "ryż mieszany” Bibimbap
13%
Samozwańczy mesjasz religijny, który zmarł w 2012 roku Sun Myung {Moon}
10%
Nie znaleziono quizów pasujących do podanych kryteriów
Rozkład punktacji
Procent ludzi z każdym wynikiem
Percentyl według liczby udzielonych odpowiedzi
Twoja historia wyników
Nie rozwiązałeś tego quizu